Southville International School and Colleges
Your cart is empty.
  • Cart
  • Lists
    Public lists list_1 View all
    Your lists Log in to create your own lists
  • Log in to your account
  • Your cookies
  • Search history
Southville International School and Colleges
  • Advanced search
  • Recent comments
  • Most popular
  • Libraries

Log in to your account

Log in with GOOGLE


If you do not have an external account, but do have a local account, you can still log in:

  1. Home
  2. MARC view: Love and war /
Normal view MARC view ISBD view

Love and war / (Record no. 282452)

[ view plain ]
MARC details
000 -LEADER
fixed length control field 00331nam a2200133Ia 4500
008 - FIXED-LENGTH DATA ELEMENTS--GENERAL INFORMATION
fixed length control field 150202s9999 xx 000 0 und d
020 ## - INTERNATIONAL STANDARD BOOK NUMBER
International Standard Book Number 880385197
050 ## - LIBRARY OF CONGRESS CALL NUMBER
Classification number FIC
Item number FIC
100 ## - MAIN ENTRY--PERSONAL NAME
Personal name Weis, Margaret
245 ## - TITLE STATEMENT
Title Love and war /
Statement of responsibility, etc Margaret Weis.
260 ## - PUBLICATION, DISTRIBUTION, ETC. (IMPRINT)
Place of publication, distribution, etc USA :
Date of publication, distribution, etc 1987.
300 ## - PHYSICAL DESCRIPTION
Extent 368 pages :
Dimensions 18 cm.
650 ## - SUBJECT ADDED ENTRY--TOPICAL TERM
Topical term or geographic name as entry element Fiction.
Holdings
Withdrawn status Lost status Damaged status Home library Current library Shelving location Date acquired Total Checkouts Full call number Barcode Date last seen Price effective from Koha item type
      South Mansfield College South Mansfield College Fiction Section 02/02/2015   FIC W37I 1987 SMC2329 02/02/2015 02/02/2015 Books

Love and war /

APA

Weis M., . (1987). Love and war. USA: .

Chicago

Weis Margaret, . 1987. Love and war. USA: .

Harvard

Weis M., . (1987). Love and war. USA: .

MLA

Weis Margaret, . Love and war. USA: . 1987.

  • Place hold
  • Print
  • Cite
  • Add to your cart (remove)
  • Save record
    BIBTEX Dublin Core MARCXML MARC (non-Unicode/MARC-8) MARC (Unicode/UTF-8) MARC (Unicode/UTF-8, Standard) MODS (XML) RIS
  • More searches
    Search for this title in:
    Other Libraries (WorldCat) Other Databases (Google Scholar) Online Stores (Bookfinder.com) Open Library (openlibrary.org)

Exporting to Dublin Core...

SOUTHVILLE LIBRARY

Southville International School and Colleges Library

1281 Tropical Ave. Cor. Luxembourg St., BF Homes International, Las Pinas City

Tel. No. 8256374 / 252358 Loc. 117/146

Powered by Koha